| 000 | 00644nam a2200145 a 4500 | ||
|---|---|---|---|
| 008 | 120416s1979 ||||||||||||||||| || u | ||
| 050 | _aQA 188 Bar | ||
| 100 | _aBarnett, Stephen | ||
| 245 | 1 | 0 | _aMatrix methods for engineers and scientists |
| 260 |
_aLondon _bMcGraw-Hill _c1979 |
||
| 300 | _axi, 185p. : ill. | ||
| 350 | _a0.00 | ||
| 995 |
_aANNEX COLLECTION (Main Library) _D0.00 _e713253 _FCBU-MAIN LIBRARY (Kitwe) _H2 _I6.50 _jQA 188 Bar _M2 _UAVAILABLE _y011634 _ZAnnex Low-Usage Collection |
||
| 995 |
_aANNEX COLLECTION (Main Library) _D0.00 _e713254 _FCBU-MAIN LIBRARY (Kitwe) _H1 _I6.50 _jQA 188 Bar _M1 _UAVAILABLE _y011633 _ZAnnex Low-Usage Collection |
||
| 999 |
_c82778 _d82778 |
||